Kaikkien maailman valtioiden liput - Statistics

Yleistilastot
  • Tätä visaa on pelattu 20 795 kertaa
    8 815 viimeisimmän päivityksen jälkeen
  • Keskiarvotulos 95 / 196
Vastaustilastot
Kuvavisa Vastaus % Oikein
Suomi
100%
Norja
99%
Ruotsi
99%
Saksa
98%
Tanska
98%
Islanti
97%
Viro
97%
Venäjä
96%
Belgia
95%
Italia
95%
Ranska
95%
Puola
93%
Alankomaat
91%
Meksiko
88%
Kanada
87%
Irlanti
83%
Latvia
83%
Yhdysvallat
83%
Ukraina
81%
Yhdistynyt kuningaskunta
81%
Espanja
80%
Sveitsi
80%
Israel
79%
Australia
78%
Brasilia
78%
Kiina
78%
Turkki
78%
Japani
77%
Etelä-Korea
76%
Albania
75%
Kypros
75%
Intia
74%
Itävalta
74%
Portugali
73%
Romania
73%
Slovakia
73%
Uusi-Seelanti
73%
Kreikka
72%
Slovenia
72%
Kroatia
71%
Malta
71%
Indonesia
70%
Monaco
70%
Pohjois-Makedonia
70%
Tšekki
70%
Etelä-Afrikka
69%
Nigeria
69%
Saudi-Arabia
69%
Bosnia ja Hertsegovina
68%
Georgia
68%
Argentiina
67%
Bulgaria
67%
Nepal
67%
Irak
66%
Unkari
65%
Iran
64%
Luxemburg
64%
Serbia
64%
Egypti
63%
Valko-Venäjä
63%
Vietnam
63%
Jamaika
62%
Libanon
62%
Marokko
62%
Kenia
61%
Qatar
61%
Chile
60%
Norsunluurannikko
60%
Pakistan
60%
Thaimaa
60%
Pohjois-Korea
58%
Singapore
58%
Kosovo
57%
Moldova
57%
Peru
57%
Vatikaanivaltio
56%
Kazakstan
55%
San Marino
55%
Andorra
54%
Malesia
54%
Montenegro
54%
Somalia
54%
Kuuba
53%
Bangladesh
51%
Bhutan
50%
Sri Lanka
50%
Tunisia
50%
Uruguay
50%
Filippiinit
49%
Liechtenstein
48%
Algeria
47%
Liettua
47%
Kolumbia
45%
Panama
45%
Uganda
44%
Bahrain
42%
Kirgisia
42%
Taiwan
42%
Uzbekistan
42%
Venezuela
42%
Fidži
41%
Mongolia
41%
Angola
40%
Jemen
40%
Turkmenistan
40%
Azerbaidžan
39%
Jordania
38%
Laos
38%
Liberia
38%
Niger
38%
Paraguay
37%
Tšad
37%
Yhdistyneet arabiemiraatit
37%
Afganistan
36%
Armenia
36%
Ecuador
36%
Kambodža
36%
Barbados
35%
Kuwait
35%
Oman
35%
Botswana
34%
Honduras
34%
Palau
34%
Seychellit
34%
Syyria
34%
Dominikaaninen tasavalta
33%
Etiopia
33%
Haiti
33%
Tadžikistan
33%
Tuvalu
33%
Costa Rica
32%
Saint Lucia
32%
Tonga
32%
Bahama
31%
Libya
31%
Papua-Uusi-Guinea
31%
Itä-Timor
30%
Nauru
30%
Sambia
30%
Zimbabwe
30%
Ghana
29%
Kiribati
29%
Kongon demokraattinen tasavalta
29%
Lesotho
29%
Mosambik
29%
Samoa
29%
Guatemala
28%
Kap Verde
28%
Malediivit
28%
Mauritania
28%
Mikronesia
28%
Nicaragua
28%
Senegal
28%
Sudan
28%
El Salvador
27%
Eritrea
27%
Grenada
27%
Malawi
27%
Swazimaa
27%
Trinidad ja Tobago
27%
Brunei
26%
Komorit
26%
Madagaskar
26%
Belize
25%
Burkina Faso
25%
Myanmar
25%
Tansania
25%
Djibouti
24%
Etelä-Sudan
24%
Kamerun
24%
Sierra Leone
24%
Suriname
24%
Burundi
23%
Gabon
23%
Guyana
23%
Mali
23%
Vanuatu
23%
Antigua ja Barbuda
22%
Dominica
22%
Keski-Afrikan tasavalta
22%
Päiväntasaajan Guinea
21%
Ruanda
21%
Gambia
20%
Kongon tasavalta
20%
Marshallinsaaret
20%
Namibia
20%
São Tomé ja Príncipe
20%
Benin
19%
Mauritius
19%
Togo
19%
Saint Kitts ja Nevis
18%
Saint Vincent ja Grenadiinit
18%
Bolivia
17%
Guinea
17%
Salomoninsaaret
17%
Guinea-Bissau
15%
Ehtoja vastaavia visoja ei löytynyt
Tulosjakauma
Jokaisen tuloksen saaneiden osuus
Persentiili vastausten määrän mukaan
Tuloshistoriasi
Et ole pelannut tätä visaa sen viimeisimmän päivityksen jälkeen